书目信息 |
| 题名: |
海河流域骨干河道泥沙运动及桥梁联合阻水
|
|
| 作者: | 姬昌辉 著 | |
| 分册: | ||
| 出版信息: | 南京 河海大学出版社 2021.12 |
|
| 页数: | 103页 | |
| 开本: | 24cm | |
| 丛书名: | ||
| 单 册: | ||
| 中图分类: | TV152 | |
| 科图分类: | ||
| 主题词: | 海河--hai he--泥沙淤积--研究 | |
| 电子资源: | ||
| ISBN: | 978-7-5630-7332-0 | |
| 000 | 01032nam0 2200241 450 | |
| 001 | 011025153106 | |
| 005 | 20221025153106.0 | |
| 010 | @a978-7-5630-7332-0@dCNY49.00 | |
| 100 | @a20201004d2021 em y0chiy0120 ea | |
| 101 | 0 | @achi |
| 102 | @aCN@b320000 | |
| 105 | @aab z 000yy | |
| 106 | @ar | |
| 200 | 1 | @a海河流域骨干河道泥沙运动及桥梁联合阻水@Ahai he liu yu gu gan he dao ni sha yun dong ji qiao liang lian he zu shui@f姬昌辉著 |
| 210 | @a南京@c河海大学出版社@d2021.12 | |
| 215 | @a103页@c图,照片,地图@d24cm | |
| 300 | @a南京水利科学研究院出版基金资助 | |
| 330 | @a本书采用资料收集、现场取样、土工颗粒试验、水槽试验、物理模型试验等方法,在总结海河流域骨干河道永定新河、独流减河、漳卫新河的来水来沙、泥沙分布情况及泥沙运动特性的基础上,进行泥沙启动、泥沙沉降试验,水流挟沙能力试验及桥梁阻水试验,为数学模型研究提供必要的基本参数。 | |
| 606 | 0 | @a海河@Ahai he@x泥沙淤积@x研究 |
| 607 | @a海河@Ahai he@x泥沙淤积@x研究 | |
| 690 | @aTV152@v5 | |
| 701 | 0 | @a姬昌辉@Aji chang hui@4著 |
| 905 | @a河南城建学院图书馆@dTV152@eJ036 | |
| 海河流域骨干河道泥沙运动及桥梁联合阻水/姬昌辉著.-南京:河海大学出版社,2021.12 |
| 103页:图,照片,地图;24cm |
| 南京水利科学研究院出版基金资助 |
| ISBN 978-7-5630-7332-0:CNY49.00 |
| 本书采用资料收集、现场取样、土工颗粒试验、水槽试验、物理模型试验等方法,在总结海河流域骨干河道永定新河、独流减河、漳卫新河的来水来沙、泥沙分布情况及泥沙运动特性的基础上,进行泥沙启动、泥沙沉降试验,水流挟沙能力试验及桥梁阻水试验,为数学模型研究提供必要的基本参数。 |
| ● |
| 相关链接 |
|
|
|
正题名:海河流域骨干河道泥沙运动及桥梁联合阻水
索取号:TV152/J036
 
预约/预借
| 序号 | 登录号 | 条形码 | 馆藏地/架位号 | 状态 | 备注 |
| 1 | 1586700 | 215867006 | 自科库501/501自科库 47排5列4层/ [索取号:TV152/J036] | 在馆 | |
| 2 | 1586701 | 215867015 | 自科库501/501自科库 47排5列4层/ [索取号:TV152/J036] | 在馆 |